000 01393cam a2200385 a 4500
001 3131
003 FISKH
005 20250218092305.0
008 080129s2008 maua b 000 1 eng
010 _a 2007052207
020 _a9780763628338 (hardcover : alk. paper)
020 _a9780763648565 (harcover)
020 _a9781536200782 (paperback)
040 _aDLC
_cDLC
_dDLC
_beng
042 _alcac
050 0 0 _aPZ7.M478419
_bJug 2008
082 0 0 _a[Fic]
_222
100 1 _aMcDonald, Megan.
245 1 0 _aJudy Moody goes to college /
_cMegan Mcdonald ; illustrated by Peter H. Reynolds.
250 _aFirst Scholastic printing, September 2009
260 _aNew York ;
_bScholastic,
_c2004
300 _a130 pages :
_billustrations ;
_c20 cm
505 _aN
520 _aWhen her substitute teacher realizes she is struggling in math, Judy is sent to a math tutor at the local college and soon is completely into the spirit of college life.
521 8 _a590
_bLexile
521 8 _aN
_bRaz-Plus
650 1 _aSubstitute teachers
_vFiction.
650 1 _aTeachers
_vFiction.
650 1 _aTutors and tutoring
_vFiction.
650 1 _aUniversities and colleges
_vFiction.
650 1 _aHumorous stories.
700 1 _aReynolds, Peter H.
_q(Peter Hamilton),
_d1961-
_eillustrator
906 _a7
_bcbc
_corignew
_d1
_eecip
_f20
_gy-gencatlg
942 _2ddc
_cBK
_n0
999 _c3131
_d3131